000 02813nam a2200253Ia 4500
003 Ost
005 20260507075448.0
008 260507s9999||||xx |||||||||||||| ||und||
040 _cfsecg
041 _aara
082 _a510
100 _aصبرا، رمضان
_eمؤلف
245 0 _aالرياضيات العامة /
_c رمضان صبرا
260 _aعمان:
_bدار المناهج للنشر,
_c2007
300 _a266 صفحة؛
_bإيضاحات ؛
_c24 سم
520 _aقد ضم هذا الكتاب في طياته سبعة وحدات رئيسية تناولت المواضيع التالية : مقدمة-الوحدة الأولى : الاقترانات : أولا : المجموعات : العمليات الحسابية على المجموعات : ثانيا : الاقترانات : ثالثا : الإزاحات : رابعا : الانعكاسات : خامسا : تركيب الاقترانات : سادسا : معكوس الاقتران-الوحدة الثانية : النهايات والاتصال : أولا : النهايات : ثانيا : الاتصال : ثالثا : النهايات في اللانهايات : رابعا : الاقترانات التي تصبح لا نهاية-الوحدة الثالثة : التفاضل : أولا : المشتقة : ثانيا : قاعدة السلسلة : ثالثا : الاشتقاق الضمني : رابعا : مشتقات الاقترانات الأسية واللوغارتمية-الوحدة الرابعة : التكامل : أولا : أصل المشتقة : ثانيا : خصائص التكامل : ثالثا : التكامل المحدود : رابعا : النظرية الأساسية في التفاضل والتكامل : خامسا : طرق التكامل-الوحدة الخامسة : تطبيقات التكامل : أولا : المساحة : ثانيا : الحجوم-الوحدة السادسة : المصفوفات والأنظمة الخطية : أولا : مفهوم المصفوفة : ثانيا : أنواع المصفوفات : ثالثا : العمليات الجبرية على المصفوفات : رابعا : المحددات : خامسا : النظير الضريبي للمصفوفات-الوحدة السابعة : المتباينات والبرمجة الخطية : أولا : المتباينة الخطية في متغير واحد : ثانيا : المتباينة الخطية في متغيرين : ثالثا : التمثيل البياني لمجموعة حل نظام من المتباينات الخطية.
653 _aاقترانات
653 _aانعكاسات
653 _aرياضيات عامة
653 _aطرق التعليم
700 _aعثمان، احمد
_eمؤلف ثانوي
700 _aموسى، غريباحمد
_eمؤلف ثانوي
942 _cكتاب
999 _c44598
_d44598